Successful results management in a Finish bank.

Objasňovanie postupu riadenia výsledkov zameraného na vytváranie vnútornej štruktúry a procesov schopných reagovať na prostredie vypracovaného v Skopbanke vo Fínsku. Možnosti jeho použitia pri zdokonaľovaní organizácie v bankovníctve a prekonávaní súčasných problémov so strategickým plánovaním. Anal...

Ausführliche Beschreibung

Gespeichert in:
Bibliographische Detailangaben
1. Verfasser: Santalainen, T.
Weitere Verfasser: Spencer, B.
Format: Buchkapitel
Sprache:Englisch
Schlagworte:
Tags: Tag hinzufügen
Keine Tags, Fügen Sie das erste Tag hinzu!

MARC

LEADER 00000naa a2200000 4500
001 r002293
005 20220819194738.1
041 0 |a eng 
044 |a GB 
245 1 0 |a Successful results management in a Finish bank.  |c T. Santalainen, B. Spencer 
520 |a Objasňovanie postupu riadenia výsledkov zameraného na vytváranie vnútornej štruktúry a procesov schopných reagovať na prostredie vypracovaného v Skopbanke vo Fínsku. Možnosti jeho použitia pri zdokonaľovaní organizácie v bankovníctve a prekonávaní súčasných problémov so strategickým plánovaním. Analýza troch báz - proces definovania výsledkov, proces situačného riadenia a proces využitia výsledkov. 
610 2 0 |a plánovanie strategické 
610 2 0 |a manažment 
610 2 0 |a banky 
610 2 0 |a Fínsko 
610 2 0 |a organizácia 
610 2 0 |a kontrola 
100 1 |a Santalainen, T. 
700 1 |a Spencer, B.